LEADER 01163nam a2200265 i 4500 001 000000219441 003 CaOOAMICUS 005 20130326000000.0 008 130326s2008 it u000 u ita u 013 $a198338 020 $a978-88-215-6067-5 040 $aSeMil$bita 100 1 $aFollain, Jean.$0(OLS)http://semarc/name/77048 245 10$aCurato d'Ars :$bquando un uomo semplice confonde i sapienti /$cJean Follain. 260 $aCinisello Balsamo :$bSan Paolo,$ccopyr. 2008. 300 $a81 p. ;$c22 cm. 490 0 $aIl pozzo. 2. serie ;$v42 600 14$aVianney, Jean-Marie Baptiste .$0(OLS)http://semarc/subject/2781 830 3$aIl pozzo. 2. serie ;$v42.$0(OLS)http://semarc/title/9787 850 $aSeMil 852 $aSeMil$W1$xVenegono$y1$m3H IV 424$j169802$B169802$CSeMilBibl$Z2$F180844 $81 961 $aOmaggio: Tremolada don Pierantonio 996 $6020$a978-88-215-6067-5$9(OLS)http://semarc/number/217572 996 $6245$aCurato d'Ars :$bquando un uomo semplice confonde i sapienti$9(OLS)http://semarc/title/314839 996 $6260$aCinisello Balsamo :$bSan Paolo$9(OLS)http://semarc/publisher/30129 LEADER 00985nam a2200265 i 4500 001 000000244975 003 CaOOAMICUS 005 20150909000000.0 008 150909s1942 it u000 u ita u 013 $a223880 040 $aSeMil$bita 245 10$aComandamenti, precetti, virtù. 300 $a128 p. :$bill. 500 $aSchede non rilegate raccolte in custodia. - Fondo card. Giovanni Colombo. 700 0 $aPius X,$c.$0(OLS)http://semarc/name/4807 773 0 $tCatechismo di Pio 10..$dTorino : Ufficio Catechistico Centrale Salesiano, stampa 1941.$gParte2$w()32522 850 $aSeMil 852 $aSeMil$W1$xVenegono$y1$m3GC I 471/2$j195321$B195321$CSeMilBibl$Z2$F205979 $8B 900 0 $aPio X$c. 900 1 $aSarto, Giuseppe Melchiorre. 941 1 $a3 961 $aLascito: Colombo Card. Giovanni 996 $6245$aComandamenti, precetti, virtù$9(OLS)http://semarc/title/346790